Physics / (Record no. 5858)
[ view plain ]
| 000 -LEADER | |
|---|---|
| fixed length control field | 00869pam a2200253 a 4500 |
| 008 - FIXED-LENGTH DATA ELEMENTS--GENERAL INFORMATION | |
| fixed length control field | 931028s1994 caua 001 0 eng |
| 020 ## - INTERNATIONAL STANDARD BOOK NUMBER | |
| International Standard Book Number | 0534091148 |
| 050 00 - LIBRARY OF CONGRESS CALL NUMBER | |
| Classification number | QC 23 .H3917 1994 |
| 100 1# - MAIN ENTRY--PERSONAL NAME | |
| Personal name | Hecht, Eugene. |
| 245 10 - TITLE STATEMENT | |
| Title | Physics / |
| Statement of responsibility, etc. | Eugene Hecht. |
| 260 ## - PUBLICATION, DISTRIBUTION, ETC. (IMPRINT) | |
| Place of publication, distribution, etc. | U.S.A; |
| Name of publisher, distributor, etc. | Brooks/Cole Pub., |
| Date of publication, distribution, etc. | 1994. |
| 300 ## - PHYSICAL DESCRIPTION | |
| Extent | xxiii, 1164 [52] p. : |
| Other physical details | ill., (some col.) ; |
| Dimensions | 26 cm. |
| 500 ## - GENERAL NOTE | |
| General note | Includes index. |
| 650 #0 - SUBJECT ADDED ENTRY--TOPICAL TERM | |
| Topical term or geographic name as entry element | Physics. |
| 942 ## - ADDED ENTRY ELEMENTS (KOHA) | |
| Source of classification or shelving scheme | |
| Koha item type | Hard Covered Materials |
| Withdrawn status | Lost status | Source of classification or shelving scheme | Damaged status | Not for loan | Home library | Current library | Shelving location | Date acquired | Source of acquisition | Total Checkouts | Full call number | Barcode | Date last seen | Date last checked out | Price effective from | Koha item type |
|---|---|---|---|---|---|---|---|---|---|---|---|---|---|---|---|---|
| MACHAKOS UNIVERSITY LIBRARY | MACHAKOS UNIVERSITY LIBRARY | Open shelf | 17/09/2015 | Donation (B.F.A) | 8 | QC 23 .H3917 1994 | 9650 | 03/02/2020 | 03/02/2020 | 17/09/2015 | Hard Covered Materials |